000 00414nam a22001697a 4500
003 NUST
020 _a 81-88458-83-X
038 _akhadija
082 _a681.2
_bRAJ
100 _a Rajput, R. K.
_986965
245 _aMechanical Measurements & Instrumentation /
_cR.K. Rajput
260 _aNew Delhi :
_bS. K. Katson ,
_c2010.
300 _a765 p. ;
500 _aPaperback.
563 _aPB
942 _cBK
_2ddc
999 _c32835
_d32835